Nghiên cứu ứng dụng hệ thống bảo vệ và điều khiển tích hợp cho trạm biến áp
Tổng quan về hệ thống bảo vệ và điều khiển tích hợp; Nghiên cứu ứng dụng hệ thống bảo vệ và điều khiển tích hợp cho trạm biến áp; Lập trình điều khiển, giám sát mô hình trạm biến áp.
Zapisane w:
| 1. autor: | |
|---|---|
| Kolejni autorzy: | |
| Format: | Książka |
| Język: | Vietnamese |
| Wydane: |
Đà Nẵng :
Đại học Đà Nẵng,
2005.
|
| Hasła przedmiotowe: | |
| Etykiety: |
Dodaj etykietę
Nie ma etykietki, Dołącz pierwszą etykiete!
|
| Thư viện lưu trữ: | Mạng thư viện Đại học Đà Nẵng |
|---|
| LEADER | 01563cam a2200361 a 4500 | ||
|---|---|---|---|
| 001 | 000043787 | ||
| 003 | 1848 | ||
| 005 | 20060221135558.0 | ||
| 008 | 010217b2005 vm 000 vie | ||
| 040 | |a LRC |c LRC |d LRC | ||
| 041 | 0 | |a vie | |
| 082 | 1 | 4 | |a 621.314 |b NG-T |
| 100 | 1 | |a Nguyễn Văn Thu. | |
| 245 | 1 | 0 | |a Nghiên cứu ứng dụng hệ thống bảo vệ và điều khiển tích hợp cho trạm biến áp |h [Thesis - Luận văn] / |c Nguyễn Văn Thu; Lê Kim Hùng hướng dẫn. |
| 260 | |a Đà Nẵng : |b Đại học Đà Nẵng, |c 2005. | ||
| 300 | |a 10, 75 tr. : |b mh. ; |c 29 cm. | ||
| 520 | 3 | |a Tổng quan về hệ thống bảo vệ và điều khiển tích hợp; Nghiên cứu ứng dụng hệ thống bảo vệ và điều khiển tích hợp cho trạm biến áp; Lập trình điều khiển, giám sát mô hình trạm biến áp. | |
| 630 | 0 | 4 | |a Trạm biến áp. |
| 650 | 0 | 4 | |a Tích hợp |x Điều khiển. |
| 700 | 1 | |a Lê Kim Hùng, |c PGS.TS., |e hướng dẫn. | |
| OWN | |a DUT | ||
| AVA | |a UDN50 |b DUT |c Internal Resources |d 621.314 NG-T |e available |t Error 5001 Not defined in file expand_doc_bib_avail. |f 2 |g 0 |h N |i 0 |j NS |k 1 | ||
| 999 | |a From the UDN01 | ||
| AVA | |a UDN50 |b DUT |c Internal Resources |d 621.314 NG-T |e available |t Error 5001 Not defined in file expand_doc_bib_avail. |f 2 |g 0 |h N |i 0 |j NS |k 1 | ||
| TYP | |a Mixed Materials | ||
| TYP | |a Monograph | ||
| TYP | |a Printed language | ||
| 980 | |a Mạng thư viện Đại học Đà Nẵng | ||